| 000 | 00804nam a2200301Ia 4500 | ||
|---|---|---|---|
| 001 | 25432 | ||
| 003 | IT-RoPAU | ||
| 008 | 130308s9999 xx 000 0 und d | ||
| 040 | _aIT-RoPAU | ||
| 040 | _cIT-RoPAU | ||
| 041 | _aFRANCESE | ||
| 100 | _aGuentcheva-Descles Zlatka | ||
| 100 | _gCodice Aut. SPICS: 11773 | ||
| 245 | _aElements de la theorie de S.K. Saumjan | ||
| 245 | _bSemantique et Logique | ||
| 250 | _a1a ed. | ||
| 260 | _aPARIS | ||
| 260 | _bDelarge Jean Pierre | ||
| 260 | _c1976 [1° Ed.:1976 - Ed.Ling.Originale:1976] | ||
| 300 | _a"12 p. (prefazione: no ; testo: 12 [pagine: 109-120])" | ||
| 500 | _aElementi della Teoria di Saumjan | ||
| 650 | _aSEMIOLOGIA | ||
| 650 | _eCodice materia Spics: 3251 | ||
| 942 | _cBK | ||
| 957 | _71 | ||
| 999 |
_c40716 _d40716 |
||
| 999 | _bSI | ||
| 999 | _g1 | ||